THE FOOT-WASHING of JESUS (JOHN 13:1-17) AS MASTER-SERVANT MODEL in JOHANNINE COMMUNITY and its RELEVANCE to CHURCH... (Record no. 23164)
[ view plain ]
| 000 -LEADER | |
|---|---|
| fixed length control field | 00422nam a22001217a 4500 |
| 082 ## - DEWEY DECIMAL CLASSIFICATION NUMBER | |
| Classification number | 226.5 JOS |
| 100 ## - MAIN ENTRY--AUTHOR NAME | |
| Author name | Sagar, D. Joshua Vidya |
| 245 ## - TITLE STATEMENT | |
| Title | THE FOOT-WASHING of JESUS (JOHN 13:1-17) AS MASTER-SERVANT MODEL in JOHANNINE COMMUNITY and its RELEVANCE to CHURCH... |
| 260 ## - PUBLICATION, DISTRIBUTION, ETC. (IMPRINT) | |
| Place of publication | Henry Martyn Institute, Hyderabad |
| Name of publisher | Henry Martyn Institute |
| Year of publication | 2020 |
| 300 ## - PHYSICAL DESCRIPTION | |
| Number of Pages | 90 |
| 650 ## - SUBJECT ADDED ENTRY--TOPICAL TERM | |
| Topical Term | Bible. -- John -- Commentaries |
| 942 ## - ADDED ENTRY ELEMENTS (KOHA) | |
| Koha item type | Thesis |
| Collection code | Home library | Current library | Shelving location | Date acquired | Source of acquisition | Full call number | Accession Number | Koha item type |
|---|---|---|---|---|---|---|---|---|
| Reference | Henry Martyn Institute Library | Henry Martyn Institute Library | Reference | 10/18/2020 | Joshua Vidya Sagar-Student | 226.5 JOS | 11-4500 | Thesis |
